Revista Mujer Salud
| Formato: | Seriadas |
|---|---|
| Lenguaje: | español |
| Publicado: |
Chile :
Red de Salud de las Mujeres Lationamericanas
1997-
|
| Materias: |
MARC
| LEADER | 00000nas a22000007a 4500 | ||
|---|---|---|---|
| 006 | a|||||r|||| 00| 0 | ||
| 008 | 150408b1997 cl ||| | |||| 00| 0 spa d | ||
| 022 | |a 0716-8381 | ||
| 090 | |a REVIS 15.04.04 | ||
| 245 | 1 | 0 | |a Revista Mujer Salud |
| 260 | |a Chile : |b Red de Salud de las Mujeres Lationamericanas |c 1997- | ||
| 300 | |a volúmenes | ||
| 650 | 1 | 4 | |9 4 |a SALUD DE LA MUJER |
| 650 | 1 | 4 | |9 5 |a ADOLESCENTES |
| 942 | |i R0006,R0007,R0016,R0031 |h REVIS 15.04.04 |2 z |c 03 | ||
| 999 | |c 2558 |d 2558 | ||
